|
|
|
|
| LEADER |
01190nam a22002417a 4500 |
| 001 |
BD-DhAAL |
| 003 |
BD-DhAAL |
| 005 |
20160209120231.0 |
| 008 |
160209m20082005bg ||||| b||| 00| 0 m d |
| 040 |
|
|
|a BD-DhAAL
|c BD-DhAAL
|
| 082 |
|
|
|a 305.42091724
|
| 100 |
|
|
|a ভুঁইয়া, মোঃ আবদুল ওদুদ
|9 17922
|
| 245 |
|
|
|a রাজনীতি ও উন্নয়নে নারী /
|c মোঃ আবদুল ওদুদ ভুঁইয়া
|
| 246 |
|
|
|a Women in politics and development /
|
| 250 |
|
|
|a দ্বিতীয় সংস্করণ
|
| 260 |
|
|
|a ঢাকা :
|b আজিজিয়া বুক ডিপো,
|c ২০১০.
|
| 300 |
|
|
|a ১৭০ পৃ. ;
|c ২৪ সে.মি.
|
| 541 |
|
|
|e 6973
|
| 650 |
|
|
|a Women
|x Political activity
|x Developing countries.
|9 17923
|
| 942 |
|
|
|2 ddc
|c BK
|
| 999 |
|
|
|c 36827
|d 36827
|
| 952 |
|
|
|0 0
|1 0
|2 ddc
|4 0
|6 305_420917240000000_BHU
|7 0
|9 57958
|a SCL
|b SCL
|c GEN
|d 2016-02-09
|g 150.00
|l 0
|o 305.42091724 BHU
|p 3020006973
|r 2016-02-09
|t 1
|w 2016-02-09
|y BK
|
| 952 |
|
|
|0 0
|1 0
|2 ddc
|4 0
|6 305_420917240000000_BHU
|7 0
|9 57959
|a SCL
|b SCL
|c GEN
|d 2016-02-09
|g 150.00
|l 0
|o 305.42091724 BHU
|p 3020006974
|r 2016-02-09
|t 2
|w 2016-02-09
|y BK
|